npj Energy Systems and Resilience (Запис № 579941)
[ простий вигляд ]
| 000 -LEADER | |
|---|---|
| fixed length control field | 01473nas a22003015i 4500 |
| 001 - CONTROL NUMBER | |
| control field | 3091-4825 |
| 003 - CONTROL NUMBER IDENTIFIER | |
| control field | DE-He213 |
| 005 - DATE AND TIME OF LATEST TRANSACTION | |
| control field | 20260304140720.0 |
| 007 - PHYSICAL DESCRIPTION FIXED FIELD--GENERAL INFORMATION | |
| fixed length control field | cr nn 008mamaa |
| 008 - FIXED-LENGTH DATA ELEMENTS--GENERAL INFORMATION | |
| fixed length control field | 250905s||||||||xxkuu poo|||||| b|EN |d |
| 022 ## - INTERNATIONAL STANDARD SERIAL NUMBER | |
| International Standard Serial Number | 3091-4825 |
| 024 7# - OTHER STANDARD IDENTIFIER | |
| Standard number or code | 44526 |
| Source of number or code | local |
| 210 10 - ABBREVIATED TITLE | |
| Abbreviated title | npj Energy Syst. Resil. |
| 245 10 - TITLE STATEMENT | |
| Title | npj Energy Systems and Resilience |
| Medium | [electronic resource] / |
| Statement of responsibility, etc | edited by Timothy Tella. |
| 264 #1 - | |
| -- | London : |
| -- | Nature Publishing Group UK : |
| -- | Imprint: Nature Portfolio. |
| 300 ## - PHYSICAL DESCRIPTION | |
| Other physical details | online resource. |
| 520 ## - SUMMARY, ETC. | |
| Summary, etc | NPJ Electrical Systems and Resilience is a peer-reviewed, open-access journal dedicated to advancing the science and engineering of secure, adaptive, and intelligent electrical systems. The journal provides a platform for innovative research that enhances the reliability, efficiency, and resilience of modern power infrastructures in the face of evolving technological, environmental, and cyber challenges. |
| 650 #0 - SUBJECT ADDED ENTRY--TOPICAL TERM | |
| Topical term or geographic name as entry element | Electronic circuit design. |
| 9 (RLIN) | 17149 |
| 650 #0 - SUBJECT ADDED ENTRY--TOPICAL TERM | |
| Topical term or geographic name as entry element | Electronic circuits. |
| 650 #0 - SUBJECT ADDED ENTRY--TOPICAL TERM | |
| Topical term or geographic name as entry element | Electrical engineering. |
| 650 14 - SUBJECT ADDED ENTRY--TOPICAL TERM | |
| Topical term or geographic name as entry element | Electronics Design and Verification. |
| 9 (RLIN) | 17150 |
| 650 24 - SUBJECT ADDED ENTRY--TOPICAL TERM | |
| Topical term or geographic name as entry element | Electronic Circuits and Systems. |
| 650 24 - SUBJECT ADDED ENTRY--TOPICAL TERM | |
| Topical term or geographic name as entry element | Electrical and Electronic Engineering. |
| 700 1# - ADDED ENTRY--PERSONAL NAME | |
| Personal name | Tella, Timothy. |
| Relator term | editor. |
| Relator code | edt |
| -- | http://id.loc.gov/vocabulary/relators/edt |
| 9 (RLIN) | 24201 |
| 710 2# - ADDED ENTRY--CORPORATE NAME | |
| Corporate name or jurisdiction name as entry element | SpringerLink (Online service) |
| 856 40 - ELECTRONIC LOCATION AND ACCESS | |
| Uniform Resource Identifier | <a href="https://www.nature.com/npjelectsysres">https://www.nature.com/npjelectsysres</a> |
| Public note | Open Access |
Немає доступних примірників.